| 000 | 00768nam a22002057a 4500 | ||
|---|---|---|---|
| 999 |
_c19884 _d19884 |
||
| 003 | AR-CdUCM | ||
| 008 | 190523b ||||| |||| 00| 0 spa d | ||
| 040 |
_aMUNICIPALIDAD PROVINCIAL DEL CUSCO _cBIBLIOTECA MUNICIPAL DEL CUSCO |
||
| 082 |
_a616.8 / _bM17 |
||
| 100 |
_aMaher, Brendan A _941568 |
||
| 245 |
_aPrincipios de psicopatología : _bun enfoque experimental / |
||
| 260 |
_aMéxico : _bMcGraw Hill, _c1979. |
||
| 300 |
_a610 páginas ; _bIlustraciones, _c23 cm. |
||
| 505 | _aContenido: Introducción -- Modelos para el estudio de la psicopatologia -- conceptos psicológicos en patología psíquica... | ||
| 650 |
_aPsicopatología _96514 |
||
| 650 |
_aPsicología _91538 |
||
| 650 |
_aTrastornos _921622 |
||
| 942 |
_2ddc _cLIBROS |
||
| 945 |
_adavv _d2019-05-23 |
||